000 02488nas a2200313 i 4500
001 172612
003 ES-MaACL
005 20251003181201.0
007 t|
008 090728c1884 sp a| | 1 ||pa d
080 _a3 : 061.12(460)
110 2 _aReal Academia de Ciencias Morales y Políticas (España)
_9222050
245 1 0 _aDiscursos de recepción leídos en la Real Academia de Ciencias Morales y Políticas
_g1881-1883.
260 _aMadrid :
_b[s. n.],
_c1884 (
_fImp. y Fund. de Manuel Tello)
300 _a1 v. ;
_c26 cm.
505 8 _aContiene: T. III: La libertad de enseñanza / Conde de Toreno (61 p.). Contestación / José García Barzanallana (p. 63-90). La armonía en la civilización es el gran problema que este siglo crítico, gigante en lo material, pero incierto en lo filosófico y flaco en lo moral, lega al siglo siguiente / Carlos María Perier (p. 91-202). Contestación / José Moreno Nieto (p. 203-213). Las últimas hipótesis de las ciencias naturales, no dan más firmes fundamentos a la sociología... / Antonio Cánovas del Castillo (p. 215-282). Contestación / Fernando Cos-Gayón (p. 283-313). ¿Cuáles son la ley histórica y el principio filosófico a que pueden obedecer las revoluciones? / Fermín de Lasala y Collado (p. 315-381). Contestación / Fernando Cos-Gayón (p. 383-409). La mujer: su influencia en la moral y en la política de la sociedad / Vizconde de Campo-Grande (p. 411-447). Contestación / Fernando Cros-Gayón (p. 449-479). La causa principal del malestar que esteriliza y detiene la marcha de la sociedad por los caminos del bien, es la gran negación oculta y encarnada en el principio racionalista de la negación de Dios... / Zeferino González (p. 481-559). Contestación / Fernando Álvarez (p. 561-591).
700 1 _aGarcía Barzanallana, José,
_d1819-1903
_954239
700 1 _aCos-Gayón, Fernando,
_d1825-1898
_940977
700 1 _aQueipo de Llano y Gayoso, Francisco de Borja,
_cConde de Toreno.
_9158110
700 1 _aPerier, Carlos María.
_9131024
700 1 _aCánovas del Castillo, Antonio,
_d1828-1897
_934600
700 1 _aLasala y Collado, Fermín de,
_cDuque de Mandas
_9128714
700 1 _aJove y Hevia, Plácido de,
_cVizconde de Campo Grande
_967050
700 1 _aGonzález y Díaz Tuñón, Ceferino,
_d1831-1894
_9149958
700 1 _aAlvarez, Fernando.
_9234201
700 1 _aMoreno Nieto, José,
_d1825-1882
_983416
852 _aES-MaACL
_jK-185
999 _c172612
_d172612